|
|
|
|
| LEADER |
00000nem0a2200000 4500 |
| 001 |
92685 |
| 005 |
20231101213837.0 |
| 035 |
|
|
|a (RuTPU)RU\TPU\book\99290
|
| 090 |
|
|
|a 92685
|
| 100 |
|
|
|a 20060316d1987 km y0rusy50 ca
|
| 101 |
0 |
|
|a rus
|
| 102 |
|
|
|a RU
|
| 105 |
|
|
|a b z 001zy
|
| 200 |
1 |
|
|a Атлас географический справочный. СССР. Мир
|f под ред. И. А. Кутузова, Б. Е. Бызова
|
| 210 |
|
|
|a Москва
|c Главное управление геодезии и картографии при совете министров СССР
|d 1987
|
| 215 |
|
|
|a 296 с.
|c карты
|
| 320 |
|
|
|a Указ. геогр. назв.: с. 257-295
|
| 606 |
|
|
|a Географические карты и атласы
|2 stltpush
|3 (RuTPU)RU\TPU\subj\5898
|9 33883
|
| 610 |
1 |
|
|a СССР
|
| 610 |
1 |
|
|a карты мира
|
| 610 |
1 |
|
|a политические карты
|
| 610 |
1 |
|
|a регионы
|
| 610 |
1 |
|
|a страны мира
|
| 675 |
|
|
|a 912
|v 3
|
| 702 |
|
1 |
|a Кутузов
|b И. А.
|4 340
|
| 702 |
|
1 |
|a Бызов
|b Б. Е.
|4 340
|
| 801 |
|
1 |
|a RU
|b 63413507
|c 20060316
|g PSBO
|
| 801 |
|
2 |
|a RU
|b 63413507
|c 20190815
|g PSBO
|
| 942 |
|
|
|c MP
|